000 00253nam a2200097Ia 4500
005 20250424112840.0
008 250424s9999 xx 000 0 und d
300 _axiii, 235 p. :ill. ; 25 cm.
650 _a Management--Nigeria--Periodicals.
942 _cSR
999 _c37490
_d37490